Statistics for Iceland... or Finland?

Click here to take the quiz!

General Stats

  • This quiz has been taken 111 times
  • The average score is 13 of 20

Answer Stats

QuestionAnswer% Correct
Has red on its flag?Iceland
99%
Is widely considered the world's happiest country?Finland
82%
Its capital is its largest city?Both
81%
Has Swedish as an official language?Finland
81%
Has a lower population density?Iceland
75%
Uses the euro as its currency?Finland
74%
Drives on the left side of the road?Neither
73%
Became independent first?Finland
72%
Uses the Althing as its legislature?Iceland
71%
Has a higher GDP?Finland
70%
Has the world's highest per capita consumption of coffee?Finland
69%
Is a member of the EU?Finland
67%
Has a higher maximum elevation?Iceland
65%
Has fjords?Iceland
58%
Has a higher average life expectancy?Iceland
55%
Has more rainfall?Iceland
52%
Has a bull, bird, dragon, and man on its coat of arms?Iceland
52%
Its northernmost point is further north?Finland
47%
A higher percentage of its people are Christians?Iceland
46%
Has a mixed democracy, meaning both presidential and parliamentary?Both
38%

Score Distribution

Percentile by Number Answered

Percent of People with Each Score

Your Score History

You have not taken this quiz